One Piece- Les médecins connus des équipages pirates - Statistiques

Statistiques générales
  • Ce quiz a été pris 111 fois
  • Le résultat moyen est 6 sur 10
Statistiques - réponses
Equipage Médecin % Correct
Equipage du Chapeau de Paille Chopper
100%
Equipage du Heart Law
93%
Equipage de Barbe Blanche Marco
93%
Pirates Roger Crocus
85%
Equipage de Barbe Noire Doc Q
83%
Thriller Bark Hogback
74%
Pirates du Soleil Aladdin
45%
Nouvel Equipage des Géants Gerd
40%
Equipage du Roux Hongo
22%
Equipage du New Age Mule
9%
Aucun quiz correspondant
Distribution des résultats
% des personnes avec chaque résultat
Percentile par nombre de réponses
Votre historique - résultats
Vous n’avez pas pris ce quiz